X. Humedales interiores de Colombia: (Registro nro. 17770)

Detalles MARC
000 -CABECERA
Campo de control 01870nam a22003257a 4500
005 - FECHA Y HORA DE LA ULTIMA TRANSACCION
Campo de control 20170923020002.0
008 - ELEMENTOS DE LONGITUD FIJA—INFORMACION GENERAL
Campo de control 150917b2014 ck ||||| |||| 00| 0 spa d
020 ## - ISBN
ISBN 9789588889276
040 ## - FUENTE DE CATALOGACIÓN
Agencia catalogadora original CO-BoIAVH
Agencia transcriptora CO-BoIAVH
041 0# - IDIOMA
Código de idioma para texto/pista de sonido o título separado Español
044 ## - PAÍS DE PUBLICACIÓN
País de publicación Colombia
082 04 - NUMERO DE CLASIFICACION DECIMAL DEWEY
Número de clasificación 333.91816
Número del ítem L34h
245 13 - MENCION DE TITULO
Título X. Humedales interiores de Colombia:
Parte restante del título identificación, caracterización y establecimiento de limites según criterios biológicos y ecológicos /
Mención de responsabilidad Editores: Carlos A. Lasso, Francisco de Paula Gutiérrez y Diana Morales B.
260 ## - PUBLICACION, DISTRIBUCION, ETC. (PIE DE IMPRENTA)
Lugar de publicación, distribución, etc. Bogotá (Colombia):
Nombre del editor, distribuidor, etc. Instituto de Investigación de Recursos Biológicos Alexander von Humboldt,
-- Javegraf,
Fecha de publicación, distribución, etc. 2014.
300 ## - DESCRIPCION FISICA
Extensión 255 páginas :
Otros detalles físicos mapas, ilustraciones y fotografías a color ;
Dimensiones 25 cm.
490 0# - MENCION DE SERIE
Mención de serie Serie recursos hidrobiológicos y pesqueros continentales de Colombia
500 ## - NOTA GENERAL
Nota general Incluye tabla de siglas y acrónimos.<br/>Incluye anexos.
504 ## - NOTA DE BIBLIOGRAFIA, ETC.
Nota de bibliografía Incluye referencias bibliográficas.
505 0# - NOTA DE CONTENIDO
Nota de contenido Ecosistemas acuáticos continentales: generalidades.<br/>Humedales: identificación y definiciones.<br/>Humedales interiores de Colombia: principales investigaciones, tipologías y propuestas de clasificación.<br/>Uso de la biota acuática en la identificación, caracterización y establecimiento de límites en humedales interiores.<br/>Integridad biotica de los humedales colombianos: una visión desde la calidad del agua.<br/>Amenazas y vulnerabilidad.
650 #6 - ASIENTO SECUNDARIO DE MATERIA - TERMINO TEMATICO
Término temático o nombre geográfico como elemento de entrada Humedales
Subdivisión geográfica Colombia
9 (RLIN) 38874
650 #6 - ASIENTO SECUNDARIO DE MATERIA - TERMINO TEMATICO
Término temático o nombre geográfico como elemento de entrada Humedales
Subdivisión general caracterización
9 (RLIN) 38875
650 #6 - ASIENTO SECUNDARIO DE MATERIA - TERMINO TEMATICO
Término temático o nombre geográfico como elemento de entrada Humedales
Subdivisión general delimitación
9 (RLIN) 38876
650 #4 - ASIENTO SECUNDARIO DE MATERIA - TERMINO TEMATICO
Término temático o nombre geográfico como elemento de entrada Humedales interiores
9 (RLIN) 38585
650 #4 - ASIENTO SECUNDARIO DE MATERIA - TERMINO TEMATICO
Término temático o nombre geográfico como elemento de entrada Ecosistemas lénticos
9 (RLIN) 38586
650 #4 - ASIENTO SECUNDARIO DE MATERIA - TERMINO TEMATICO
Término temático o nombre geográfico como elemento de entrada Ecosistemas lóticos
9 (RLIN) 38587
700 1# - ASIENTO SECUNDARIO - NOMBRE PERSONAL
Nombre personal Lasso, Carlos A.
Término de relación Editor
9 (RLIN) 242
700 1# - ASIENTO SECUNDARIO - NOMBRE PERSONAL
Nombre personal Gutiérrrez, Francisco de Paula
Término de relación Editor
9 (RLIN) 38588
700 1# - ASIENTO SECUNDARIO - NOMBRE PERSONAL
Nombre personal Morales-Betancourt, Diana
Término de relación Editora
9 (RLIN) 38877
942 ## - ELEMENTOS ADICIONALES (KOHA)
Sistema de clasificación Dewey Decimal Classification
Tipo de ítem Libro
Koha issues (borrowed), all copies 3
Existencias
Withdrawn status Lost status Sistema de Clasificación Damaged status No para préstamo Colección Inventariado Ubicación Permanente Ubicación actual Fecha de adquisición Fuente de Valor Valor Total Checkouts Número topográfico Inventario / Código de Barras Date last seen Date checked out Ejemplar Price effective from Forma de adquisición Tipo de material
    Dewey Decimal Classification     Humboldt Inventariado 2017 Bogotá Bogotá 17/09/2015 Instituto 39000.00 4 IAVH-333.91816 L34h 039229 20/08/2019 20/08/2019 Ej. 1 17/09/2015 Institucional Libro
    Dewey Decimal Classification     Humboldt Inventariado 2017 Sala Fabio Quevedo Sala Fabio Quevedo 17/09/2015 Instituto 39000.00 1 IAVH-333.91816 L34h 039230 22/09/2017 22/09/2017 Ej. 2 17/09/2015 Institucional Libro
    Dewey Decimal Classification     Humboldt Inventariado 2017 Villa de Leyva Villa de Leyva 30/08/2017 Instituto 39000.00   IAVH-333.91816 L34h 042812 30/08/2017   Ej. 3 30/08/2017 Institucional Libro